000 00339nam a2200121 i 4500
001 bg
245 0 _aInformator o przedsiębiorstwach budowlano-montażowych w kraju :
_bwg stanu na dzień 1 stycznia 1974 roku.
260 _aWarszawa,
_c1974.
040 _cBPK
041 _apol
942 _cKS
008 s pl f |000 0 pol
999 _c27160
_d27160
856 _uhttp://koha.tu.koszalin.pl/cgi-bin/koha/opac-detail.pl?biblionumber=27160
_yKatalog online BPK